| 000 | 00595nam a22001937a 4500 | ||
|---|---|---|---|
| 005 | 20180913131642.0 | ||
| 010 | _aB-157228 | ||
| 020 | _a0070620350 | ||
| 035 | _aB-157228 | ||
| 037 | _bDpl | ||
| 082 | _a530 | ||
| 100 | _aBajaj, N.K. | ||
| 245 |
_aComplete physics for all India engineering entrance exam (AIEEE)/ _cby N.K. Bajaj |
||
| 260 |
_aNew Delhi _bTata McGraw-Hill Publishing _c2007 |
||
| 270 |
_a7 West Patel Nagar _bNew Delhi _e110008 |
||
| 300 |
_avarious pagings _c23cm(Hb) |
||
| 490 | _aTata McGraw Hill's winning edge series | ||
| 942 |
_2ddc _cEN _h530 _mBAJ |
||
| 999 |
_c157449 _d157449 |
||